BSOP header

上帝死了,神學何為?20世紀基督教神學基本問題 Shang di si le, Shen xue he wei? 20shi ji jidujiao shen xue ji ben wen ti {ch} / (Record no. 29121)

MARC details
000 -LEADER
fixed length control field 01360nam a22002057a 4500
005 - DATE AND TIME OF LATEST TRANSACTION
control field 20141114211341.0
008 - FIXED-LENGTH DATA ELEMENTS--GENERAL INFORMATION
fixed length control field 121213b ch ||||| |||| 00| 0 chi d
020 ## - INTERNATIONAL STANDARD BOOK NUMBER
International Standard Book Number 9787300118871
020 ## - INTERNATIONAL STANDARD BOOK NUMBER
International Standard Book Number 7300118879
100 ## - MAIN ENTRY--PERSONAL NAME
Personal name 張旭 Zhang xu
245 ## - TITLE STATEMENT
Title 上帝死了,神學何為?20世紀基督教神學基本問題 Shang di si le, Shen xue he wei? 20shi ji jidujiao shen xue ji ben wen ti {ch} /
Statement of responsibility, etc 張旭 Xu Zhang
260 ## - PUBLICATION, DISTRIBUTION, ETC. (IMPRINT)
Place of publication, distribution, etc 中國 Zhong guo China :
Name of publisher, distributor, etc 中國人民大學出版社,
Date of publication, distribution, etc 2010.
300 ## - PHYSICAL DESCRIPTION
Extent 1 leaf of plates, 2, 2, 2, 2, 3, 16, 345 p. :
Other physical details ill. ;
Dimensions 24 cm.
440 ## - SERIES STATEMENT/ADDED ENTRY--TITLE
Title Zhe xue wen ku
504 ## - BIBLIOGRAPHY, ETC. NOTE
Bibliography, etc Includes bibliographical references.
520 ## - SUMMARY, ETC.
Summary, etc 本書以尼采的話"上帝死了"為問題意識,以四大經典神學家掀起的20世紀四場神學範式革命運動,即巴特的"辯證神學"、布林特曼的"生存神學"、朋霍費爾的"上帝之死神學"和莫爾特曼的"盼望神學"為主線,深入探究了20世紀基督教神學是如何應對"後基督教時代"中基督教的生存危機、信仰危機和教會介入社會的危機的。本書是作者此前的《卡爾·巴特神學研究》的續篇。本書適於對基督教思想學術、西方思想史以及西方文化感興趣的讀者。
650 ## - SUBJECT ADDED ENTRY--TOPICAL TERM
Topical term or geographic name as entry element Theology
General subdivision History
Chronological subdivision 20th century {ch}.
650 ## - SUBJECT ADDED ENTRY--TOPICAL TERM
Topical term or geographic name as entry element Death of God {ch}.
942 ## - ADDED ENTRY ELEMENTS (KOHA)
Source of classification or shelving scheme Library of Congress Classification
Item type Books
Koha issues (borrowed), all copies 1
Holdings
Withdrawn status Lost status Source of classification or shelving scheme Damaged status Not for loan Home library Current library Shelving location Date acquired Accession number Total Checkouts Full call number Barcode Date last seen Date last borrowed Price effective from Koha item type
    Library of Congress Classification     BSOP Library BSOP Library Chinese Books (General Circulation) 03/11/2013 C-11428 1 BT28 Zh6 2010 00042728 11/27/2014 11/14/2014 03/11/2013 Books
BSOP

Biblical Seminary of the Philippines
  All rights Reserved
  © 2024

CONTACT INFORMATION

Biblical Seminary of the Philippines,
  77-B Karuhatan Road, Valenzuela City,
  PHILIPPINES 1441
  Phone: +632 8292-6795 / 8292-6798
  Fax : +632 8292-6675
  Email: library@bsop.edu.ph